Statistics for European Countries without map

Click here to take the quiz!

General Stats

  • This quiz has been taken 56 times
  • The average score is 39 of 47

Answer Stats

Answer% Correct
United Kingdom
98%
Andorra
94%
Austria
94%
France
94%
Vatican City
94%
Germany
91%
Slovakia
91%
Ireland
89%
Luxembourg
89%
Norway
89%
Sweden
89%
Ukraine
89%
Albania
87%
Belarus
87%
Bosnia and Herzegovina
87%
Finland
87%
Hungary
87%
Monaco
87%
Netherlands
87%
Portugal
87%
San Marino
87%
Slovenia
87%
Estonia
85%
Greece
85%
Latvia
85%
Lithuania
85%
Montenegro
85%
North Macedonia
85%
Romania
85%
Russia
85%
Serbia
85%
Bulgaria
83%
Czechia
83%
Iceland
83%
Liechtenstein
83%
Croatia
81%
Italy
81%
Poland
81%
Spain
81%
Denmark
79%
Kosovo
79%
Malta
79%
Switzerland
79%
Moldova
74%
Turkey
70%
Cyprus
62%
Belgia
23%

Score Distribution

Percentile by Number Answered

Percent of People with Each Score

Your Score History

You have not taken this quiz